British Overseas Territories by Clue - Statistics

General Stats
  • This quiz has been taken 46 times
  • The average score is 9 of 14
Answer Stats
Clue Territory % Correct
Part of a triangle that is considered "mysterious" Bermuda
100%
These islands have their American counterparts nearby British Virgin Islands
93%
Namesake of a 1984 war Falkland Islands
88%
Occupies one side of the Pillars of Hercules Gibraltar
75%
Napoleon died on the most populous island of this territory Saint Helena, Ascension,and Tristan da Cunha
75%
These islands in the Caribbean are a tax haven for corporation registration Cayman Islands
63%
These islands became their own overseas territory in 1985 after splitting up from the above South Georgia andthe South Sandwich Islands
60%
Overseas territory that HMS Bounty mutineers traveled to and populated withtheir descendants Pitcairn Islands
58%
In 2025, the UK agreed to transfer ownership of the Chagos Islands in this overseas territory to Mauritius British Indian Ocean Territory
55%
Has its capital in Plymouth, even though it has become a ghost town as a result of a 1995 volcanic eruption Montserrat
55%
You can see three yellow-coloured dolphins on its coat of arms Anguilla
45%
The largest British overseas territory by area British Antarctic Territory
40%
Has the highest murder rate in the entire world Turks and Caicos Islands
40%
Site of the largest British military base outside the UK Akrotiri and Dhekelia
28%
No matching quizzes found
Score Distribution
Percent of People with Each Score
Percentile by Number Answered
Your Score History
You have not taken this quiz